|
|
|
|
| LEADER |
00000nam0a2200000 4500 |
| 001 |
337890 |
| 005 |
20231102005009.0 |
| 035 |
|
|
|a (RuTPU)RU\TPU\book\364378
|
| 090 |
|
|
|a 337890
|
| 100 |
|
|
|a 20171115d1977 km y0rusy50 ca
|
| 101 |
0 |
|
|a rus
|
| 102 |
|
|
|a RU
|
| 105 |
|
|
|a a z 001zy
|
| 200 |
1 |
|
|a Измерение зубчатых колес : Допуски, методы и средства контроля
|f А. Л. Марков
|
| 205 |
|
|
|a 4-е изд., перераб. и доп.
|
| 210 |
|
|
|a Ленинград
|c Машиностроение
|d 1977
|
| 215 |
|
|
|a 279 с.
|c ил.
|
| 320 |
|
|
|a Библиогр.: с. 276-277
|
| 606 |
1 |
|
|a Зубчатые колеса
|x Технический контроль
|2 stltpush
|3 (RuTPU)RU\TPU\subj\12009
|9 38867
|
| 610 |
1 |
|
|a геометрия
|
| 610 |
1 |
|
|a зацепления
|
| 610 |
1 |
|
|a передачи
|
| 610 |
1 |
|
|a нормы
|
| 610 |
1 |
|
|a точность
|
| 610 |
1 |
|
|a методы
|
| 610 |
1 |
|
|a средства
|
| 610 |
1 |
|
|a показатели
|
| 610 |
1 |
|
|a плавность
|
| 610 |
1 |
|
|a контакт
|
| 610 |
1 |
|
|a зазоры
|
| 610 |
1 |
|
|a погрешности
|
| 675 |
|
|
|a 621.833
|v 4
|
| 700 |
|
1 |
|a Марков
|b А. Л.
|g Аркадий Львович
|
| 801 |
|
1 |
|a RU
|b 63413507
|c 20171115
|
| 801 |
|
2 |
|a RU
|b 63413507
|c 20180830
|g RCR
|
| 942 |
|
|
|c BK
|